All NFL hall of famers - Statistics

General Stats
  • This quiz has been taken 7,080 times
    5,672 since last reset
  • The average score is 105 of 354
Answer Stats
Hint Answer % Correct
2021 Peyton Manning
83%
2010 Emmitt Smith
82%
2009 Bruce Smith
81%
1994 Jackie Smith
81%
2021 Calvin Johnson
79%
2020 Jimmy Johnson
78%
1994 Jimmy Johnson
77%
1987 John Henry Johnson
77%
2004 Barry Sanders
76%
2011 Deion Sanders
76%
1971 Jim Brown
76%
2000 Joe Montana
76%
2004 Bob Brown
75%
2010 Jerry Rice
75%
1967 Paul Brown
75%
1975 Roosevelt Brown
75%
2015 Tim Brown
75%
1984 Willie Brown
75%
2007 Charlie Sanders
74%
2020 George Young
70%
2018 Randy Moss
70%
2005 Steve Young
69%
2005 Dan Marino
65%
1999 Lawrence Taylor
65%
2018 Ray Lewis
65%
1984 Charley Taylor
64%
2017 Jason Taylor
64%
1976 Jim Taylor
64%
1980 David Jones
62%
2017 Jerry Jones
62%
2006 Reggie White
62%
1991 Stan Jones
62%
2014 Walter Jones
62%
2020 Cliff Harris
61%
1994 Randy White
61%
1993 Walter Payton
61%
2008 Darrell Green
60%
1990 Franco Harris
60%
1989 Terry Bradshaw
60%
1977 Bart Starr
59%
2016 Brett Favre
59%
2004 John Elway
59%
2019 Ed Reed
58%
2006 Troy Aikman
58%
2014 Andre Reed
57%
2010 Rickey Jackson
57%
2009 Derrick Thomas
55%
2008 Emmitt Thomas
55%
1979 Johnny Unitas
55%
2007 Thurman Thomas
55%
2013 Larry Allen
54%
2003 Marcus Allen
54%
2002 George Allen
53%
1985 Joe Namath
53%
2002 Jim Kelly
52%
1994 Leroy Kelly
51%
2016 Marvin Harrison
50%
1985 Roger Staubach
50%
1992 Al Davis
49%
2017 Kurt Warner
49%
2007 Michael Irvin
49%
2017 Terrell Davis
49%
1981 Willie Davis
49%
1999 Eric Dickerson
48%
2019 Tony Gonzalez
48%
1989 Willie Wood
48%
2017 LaDainian Tomlinson
47%
1966 Steve Owen
47%
2006 Warren Moon
47%
2014 Aeneas Williams
46%
2021 Charles Woodson
46%
2011 Marshall Faulk
46%
1985 O.J. Simpson
46%
1986 Fran Tarkenton
45%
2009 Rod Woodson
45%
1965 Otto Graham
44%
2011 Shannon Sharpe
42%
2020 Troy Polamalu
42%
2013 Cris Carter
41%
2020 Edgerrin James
41%
2012 Dermontti Dawson
40%
1974 Dick Lane
40%
1991 Earl Campbell
40%
1987 Joe Greene
40%
2016 Kevin Greene
40%
1987 Len Dawson
40%
1988 Mike Ditka
40%
2000 Ronnie Lott
40%
1995 Steve Largent
40%
1993 Dan Fouts
39%
1979 Dick Butkus
39%
1990 Jack Lambert
39%
2015 Jerome Bettis
39%
1963 Sammy Baugh
38%
1971 Vince Lombardi
38%
1963 Wilbur Henry
38%
2020 Isaac Bruce
37%
1988 Jack Ham
37%
1998 Mike Singletary
37%
2018 Terrell Owens
37%
1998 Anthony Muñoz
36%
2012 Curtis Martin
36%
1977 Gale Sayers
36%
2016 Ken Stabler
36%
2013 Warren Sapp
36%
1990 Bob Griese
35%
1997 Don Shula
35%
1987 Larry Csonka
35%
1978 Larry Wilson
35%
2001 Lynn Swann
35%
2014 Michael Strahan
35%
2009 Ralph Wilson, Jr.
35%
1988 Alan Page
34%
2018 Brian Urlacher
34%
2019 Ty Law
34%
2014 Derrick Brooks
33%
2006 John Madden
33%
1990 Tom Landry
33%
1994 Tony Dorsett
33%
2021 John Lynch
32%
2015 Junior Seau
32%
1989 Mel Blount
32%
2007 Bruce Matthews
31%
1963 Earl Clark
31%
1971 Norm Van Brocklin
31%
2014 Ray Guy
31%
1963 Bert Bell
30%
1983 Bobby Bell
30%
1981 George Blanda
30%
1992 John Riggins
30%
1995 Kellen Winslow
30%
1971 Y.A. Tittle
30%
2018 Brian Dawkins
29%
1993 Chuck Noll
29%
1986 Doak Walker
29%
1963 George Halas
29%
1969 Joe Perry
29%
2011 Richard Dent
29%
2019 Champ Bailey
28%
1963 Don Hutson
28%
2000 Howie Long
28%
1963 Jim Thorpe
28%
2013 Jonathan Ogden
28%
1978 Lance Alworth
28%
2020 Winston Hill
28%
2008 Art Monk
27%
1974 Bill George
27%
1963 Harold Grange
27%
1980 Jim Otto
27%
1973 Raymond Berry
27%
1993 Bill Walsh
26%
2009 Bob Hayes
26%
2013 Dave Robinson
26%
1991 John Hannah
26%
2019 Johnny Robinson
26%
2010 John Randle
26%
2002 John Stallworth
26%
1982 Merlin Olsen
26%
1965 Sid Luckman
26%
1989 Art Shell
25%
2020 Donnie Shell
25%
1963 Earl Lambeau
25%
1963 George Preston Marshall
25%
1975 Lenny Moore
25%
1997 Mike Webster
25%
1999 Ozzie Newsome
25%
1986 Paul Hornung
25%
2020 Bill Cowher
24%
1980 Bob Lilly
24%
2021 Drew Pearson
24%
1977 Forrest Gregg
24%
2020 Harold Carmichael
24%
2016 Orlando Pace
24%
1983 Paul Warfield
24%
2020 Steve Atwater
24%
1990 Ted Hendricks
24%
1999 Tom Mack
24%
2013 Bill Parcells
23%
1977 Bill Willis
23%
1963 Bronko Nagurski
23%
2015 Charles Haley
23%
1988 Fred Biletnikoff
23%
1987 Gene Upshaw
23%
2001 Jack Youngblood
23%
1995 Lee Roy Selmon
23%
2017 Morten Andersen
23%
1967 Bobby Layne
22%
1994 Bud Grant
22%
1967 Chuck Bednarik
22%
1972 Clarence Parker
22%
2012 Cortez Kennedy
22%
2002 Dave Casper
22%
2010 Floyd Little
22%
2006 Harry Carson
22%
1973 Jim Parker
22%
1996 Joe Gibbs
22%
1993 Larry Little
22%
1983 Sonny Jurgensen
22%
1965 Steve Van Buren
22%
1987 Don Maynard
21%
1968 Elroy Hirsch
21%
2012 Jack Butler
21%
2003 James Lofton
21%
1972 Lamar Hunt
21%
1997 Mike Haynes
21%
1998 Paul Krause
21%
2009 Randall McDaniel
21%
1978 Ray Nitschke
21%
2016 Tony Dungy
21%
1977 Frank Gifford
20%
1995 Henry Jordan
20%
1991 Jan Stenerud
20%
1992 John Mackey
20%
2001 Marv Levy
20%
1964 Art Rooney
19%
1996 Charlie Joiner
19%
2013 Curley Culp
19%
2002 Dan Hampton
19%
2000 Dan Rooney
19%
2020 Duke Slater
19%
2003 Hank Stram
19%
2001 Jackie Slater
19%
1963 Joe Carr
19%
1990 Junious Buchanan
19%
1986 Ken Houston
19%
1968 Marion Motley
19%
2020 Steve Hutchinson
19%
2021 Tom Flores
19%
1986 Willie Lanier
19%
2021 Alan Faneca
18%
2004 Carl Eller
18%
2012 Chris Doleman
18%
1982 Doug Atkins
18%
1998 Dwight Stephenson
18%
1972 Gino Marchetti
18%
1980 Herb Adderley
18%
2019 Kevin Mawae
18%
1978 Weeb Ewbank
18%
2012 Willie Roaf
18%
1969 Albert Glen Edwards
17%
2008 Andre Tippett
17%
1983 Bobby Mitchell
17%
1966 Clyde Turner
17%
1996 Dan Dierdorf
17%
2010 Dick LeBeau
17%
2008 Fred Dean
17%
2017 Kenny Easley
17%
1963 Mel Hein
17%
2006 Rayfield Wright
17%
2010 Russ Grimm
17%
1982 Sam Huff
17%
2015 Will Shields
17%
2020 Bobby Dillon
16%
1965 Bob Waterfield
16%
1967 Dan Reeves
16%
1967 Emlen Tunnell
16%
1963 John McNally
16%
1976 Len Ford
16%
1996 Mel Renfro
16%
1981 Morris Badgro
16%
1963 Robert Hubbard
16%
2001 Ron Yary
16%
1963 Tim Mara
16%
1997 Wellington Mara
16%
1999 Billy Shaw
15%
2011 Ed Sabol
15%
1963 Ernie Nevers
15%
1966 Hugh Ray
15%
1974 Lou Groza
15%
2020 Steve Sabol
15%
1998 Tommy McDonald
15%
2020 Alex Karras
14%
1966 Arnie Herber
14%
1968 Art Donovan
14%
2008 Gary Zimmerman
14%
1970 Hugh McElhenny
14%
1987 Jim Langer
14%
1981 Jim Ringo
14%
1973 Joe Schmidt
14%
1992 Lem Barney
14%
1972 Ollie Matson
14%
2020 Paul Tagliabue
14%
1971 Bill Hewitt
13%
1964 Clarke Hinkle
13%
1965 Dan Fortmann
13%
1975 George Connor
13%
1970 Jack Christiansen
13%
2020 Jimbo Covert
13%
2001 Mike Munchak
13%
2001 Nick Buoniconti
13%
1985 Pete Rozelle
13%
1979 Ron Mix
13%
1991 Tex Schramm
13%
1974 Tony Canadeo
13%
1979 Yale Lary
13%
1971 Andy Robustelli
12%
2015 Bill Polian
12%
1990 Bob St. Clair
12%
2014 Claude Humphrey
12%
2016 Edward DeBartolo, Jr.
12%
2003 Elvin Bethea
12%
1966 George McAfee
12%
1965 John Driscoll
12%
2015 Mick Tingelhoff
12%
2018 Robert Brazile
12%
2007 Roger Wehrli
12%
2015 Ron Wolf
12%
1970 Tom Fears
12%
2005 Benny Friedman
11%
1966 Bill Dudley
11%
2021 Bill Nunn
11%
2018 Bobby Beathard
11%
1968 Charley Trippi
11%
2011 Chris Hanburger
11%
1968 Cliff Battles
11%
2000 Dave Wilcox
11%
2005 Fritz Pollard
11%
2019 Gil Brandt
11%
1965 Guy Chamberlin
11%
2018 Jerry Kramer
11%
1964 Jimmy Conzelman
11%
2003 Joe DeLamielleure
11%
1966 Joe Guyon
11%
2019 Pat Bowlen
11%
1970 Pete Pihos
11%
1983 Sid Gillman
11%
1978 Alphonse Leemans
10%
1975 Dante Lavelli
10%
1969 Earle Neale
10%
2020 Ed Sprinkle
10%
1969 Ernie Stautner
10%
1985 Frank Gatski
10%
2007 Gene Hickerson
10%
1995 Jim Finks
10%
1967 Ken Strong
10%
1969 Leo Nomellini
10%
2011 Les Richter
10%
1996 Lou Creekmur
10%
2020 Mac Speedie
10%
1964 Mike Michalske
10%
1976 Ray Flaherty
10%
1964 William Roy Lyman
10%
1968 Alex Wojciechowicz
9%
1984 Arnie Weinmeister
9%
1967 Charles W. Bidwill, Sr.
9%
2016 Dick Stanfel
9%
1964 Ed Healey
9%
1971 Frank Kinard
9%
1982 George Musso
9%
1964 George Trafton
9%
1967 Joe Stydahar
9%
1984 Mike McCormack
9%
1966 Walt Kiesling
9%
1968 Wayne Millner
9%
No matching quizzes found
Score Distribution
Percent of People with Each Score
Percentile by Number Answered
Your Score History
You have not taken this quiz since the last reset